[Event "Naantali Avoin op"]
[Site "Naantali"]
[Date "2017.07.06"]
[Round "5"]
[White "Pihlajamaki, Antti"]
[Black "Vierjoki, Timo"]
[Result "1-0"]
[WhiteElo "1846"]
[BlackElo "1823"]
[PlyCount "71"]
[EventDate "2017.07.03"]
[EventType "swiss"]
[EventRounds "7"]
[EventCountry "FIN"]
[SourceTitle "EXT 2018"]
[Source "ChessBase"]
[SourceDate "2017.10.13"]
[SourceVersion "1"]
[SourceVersionDate "2017.10.13"]
[SourceQuality "1"]

1. e4 e5 2. Nf3 Nc6 3. d4 exd4 4. Nxd4 Nf6 5. Nxc6 bxc6 6. Bd3 d5 7. exd5 cxd5 8. 0-0 Be7 9. Bf4 0-0 10. Re1 Be6 11. Be5 Qd7 12. h3 c5 13. c3 Rfd8 14. Nd2 a5 15. Nf3 Bf5 16. Bf4 Bxd3 17. Qxd3 h6 18. Ne5 Qa4 19. Qf3 Bd6 20. b3 Qb5 21. Bxh6 a4 22. bxa4 Rxa4 23. Bg5 Bxe5 24. Rxe5 Qb2 25. Rae1 Ra6 26. Bxf6 Rxf6 27. Re8+ Rxe8 28. Rxe8+ Kh7 29. Qh5+ Rh6 30. Qf5+ Rg6 31. Qxf7 Qxa2 32. Qg8+ Kh6 33. Re5 Qb1+ 34. Kh2 Rxg2+ 35. Kxg2 Qg6+ 36. Kh2 1-0

[Event "Wch Seniors 65 26th"]
[Site "Marianske Lazne"]
[Date "2016.11.28"]
[Round "9"]
[White "Pihlajamaki, Antti"]
[Black "Benes, Karel"]
[Result "1-0"]
[WhiteElo "1848"]
[BlackElo "1700"]
[PlyCount "81"]
[EventDate "2016.11.19"]
[EventType "swiss"]
[EventRounds "11"]
[EventCountry "CZE"]
[SourceTitle "CBM 175 Extra"]
[Source "ChessBase"]
[SourceDate "2016.12.12"]
[SourceVersion "1"]
[SourceVersionDate "2016.12.12"]
[SourceQuality "1"]

1. e4 c5 2. Nc3 e6 3. Nf3 d6 4. d4 cxd4 5. Nxd4 a6 6. g3 b6 7. Bg2 Bb7 8. 0-0 Nd7 9. f4 Qc7 10. Be3 Ngf6 11. Qe2 Be7 12. g4 0-0 13. g5 Ne8 14. Qg4 g6 15. h4 Ng7 16. Rad1 Rae8 17. Rd2 Bd8 18. Nde2 d5 19. Rfd1 f5 20. gxf6 Bxf6 21. exd5 Bxc3 22. Nxc3 Nf6 23. Qh3 Nf5 24. d6 Bxg2 25. Qxg2 Nxe3 26. dxc7 Nxg2 27. Rd8 Ne3 28. Rxe8 Nxe8 29. c8Q Nxd1 30. Qxe6+ Kg7 31. Nxd1 Rg8 32. Nf2 Rf8 33. Nd3 Nf6 34. Qxb6 Rf7 35. Qxa6 h5 36. Ne5 Rc7 37. Qd3 Ne8 38. Qxg6+ Kf8 39. Kf2 Ng7 40. Qd6+ Re7 41. Ng6+ 1-0

[Event "Naantali Avoin op"]
[Site "Naantali"]
[Date "2016.07.05"]
[Round "2"]
[White "Pihlajamaki, Antti"]
[Black "Raivio, Erkki"]
[Result "1/2-1/2"]
[WhiteElo "1869"]
[BlackElo "1749"]
[PlyCount "53"]
[EventDate "2016.07.04"]
[EventType "swiss"]
[EventRounds "9"]
[EventCountry "FIN"]
[SourceTitle "EXT 2017"]
[Source "ChessBase"]
[SourceDate "2016.10.25"]
[SourceVersion "1"]
[SourceVersionDate "2016.10.25"]
[SourceQuality "1"]

1. e4 c6 2. d4 d5 3. Nc3 dxe4 4. Nxe4 Nd7 5. Bc4 Ngf6 6. Ng5 e6 7. Bb3 Nb6 8. Ne2 h6 9. Nf3 c5 10. c3 cxd4 11. Nexd4 Bc5 12. 0-0 0-0 13. Qe2 Bd7 14. Ne5 Bxd4 15. cxd4 Ba4 16. Bxa4 Nxa4 17. Rd1 Nb6 18. Qf3 Nbd5 19. Rd3 Rc8 20. Qd1 Nb4 21. Rc3 Nbd5 22. Rxc8 Qxc8 23. Bd2 Ne4 24. Rc1 Qd8 25. f3 Nxd2 26. Qxd2 Re8 27. h3 1/2-1/2

[Event "Naantali op"]
[Site "Naantali"]
[Date "2015.07.02"]
[Round "6"]
[White "Heikkila, Antti"]
[Black "Pihlajamaki, Antti"]
[Result "0-1"]
[WhiteElo "1894"]
[BlackElo "1865"]
[PlyCount "68"]
[EventDate "2015.06.29"]
[EventType "swiss"]
[EventRounds "9"]
[EventCountry "FIN"]
[SourceTitle "EXT 2016"]
[Source "ChessBase"]
[SourceDate "2015.10.08"]
[SourceVersion "1"]
[SourceVersionDate "2015.10.08"]
[SourceQuality "1"]

1. c4 Nf6 2. g3 e5 3. Bg2 d5 4. cxd5 Nxd5 5. Nc3 Nb6 6. Nf3 Nc6 7. 0-0 Be7 8. b3 0-0 9. Bb2 Be6 10. Rc1 f5 11. d3 Qd7 12. Rc2 Bf6 13. Rd2 Rad8 14. Qa1 Nd4 15. Rfd1 c6 16. Ne1 Bd5 17. e3 Bxg2 18. exd4 exd4 19. Ne2 Bh3 20. Nf4 Bg4 21. f3 g5 22. Ne2 Bh5 23. a4 c5 24. Rc2 Qd5 25. Kf2 Qe5 26. Bc1 Rc8 27. Qa3 Be7 28. a5 Nd5 29. Ng2 c4 30. Qb2 c3 31. Qb1 Nb4 32. Ba3 Nxc2 33. Bxe7 Ne3 34. Bxf8 c2 0-1

[Event "Naantali op"]
[Site "Naantali"]
[Date "2015.06.30"]
[Round "2"]
[White "Haanila, Erkki"]
[Black "Pihlajamaki, Antti"]
[Result "1/2-1/2"]
[WhiteElo "1897"]
[BlackElo "1865"]
[PlyCount "58"]
[EventDate "2015.06.29"]
[EventType "swiss"]
[EventRounds "9"]
[EventCountry "FIN"]
[SourceTitle "EXT 2016"]
[Source "ChessBase"]
[SourceDate "2015.10.08"]
[SourceVersion "1"]
[SourceVersionDate "2015.10.08"]
[SourceQuality "1"]

1. d4 e6 2. e4 d5 3. e5 c5 4. c3 Nc6 5. Bb5 Bd7 6. Bxc6 Bxc6 7. Ne2 Nh6 8. Nd2 cxd4 9. Nxd4 Qc7 10. N2f3 g6 11. h3 Nf5 12. Nxc6 bxc6 13. g4 Ne7 14. 0-0 Bg7 15. Re1 c5 16. Bg5 Nc6 17. Qd2 h6 18. Bf4 g5 19. Bg3 Rb8 20. b3 0-0 21. h4 gxh4 22. Bxh4 Rbe8 23. Qe3 d4 24. cxd4 cxd4 25. Qe4 f5 26. exf6 Bxf6 27. Rac1 Bxh4 28. Nxh4 Qf4 29. Ng2 Qxe4 1/2-1/2

[Event "Helsinki op"]
[Site "Helsinki"]
[Date "2014.12.10"]
[Round "2.10"]
[White "Auvinen, Esa"]
[Black "Pihlajamaki, Antti"]
[Result "0-1"]
[WhiteElo "1952"]
[BlackElo "1885"]
[PlyCount "26"]
[EventDate "2014.12.10"]
[EventType "swiss"]
[EventRounds "5"]
[EventCountry "FIN"]
[SourceTitle "EXT 2022"]
[Source "ChessBase"]
[SourceDate "2021.10.06"]
[SourceVersion "1"]
[SourceVersionDate "2021.10.06"]
[SourceQuality "1"]

1. e4 c5 2. Nf3 e6 3. c4 Nc6 4. d4 cxd4 5. Nxd4 Nf6 6. Nxc6 bxc6 7. Bd3 Bb4+ 8. Bd2 Bxd2+ 9. Qxd2 d5 10. cxd5 cxd5 11. Bb5+ Bd7 12. Bxd7+ Qxd7 13. exd5 Nxd5 0-1

[Event "Helsinki op"]
[Site "Helsinki"]
[Date "2014.12.10"]
[Round "3.9"]
[White "Pihlajamaki, Antti"]
[Black "Nazarova, Anastasia"]
[Result "1/2-1/2"]
[WhiteElo "1885"]
[BlackElo "1850"]
[PlyCount "40"]
[EventDate "2014.12.10"]
[EventType "swiss"]
[EventRounds "5"]
[EventCountry "FIN"]
[SourceTitle "EXT 2022"]
[Source "ChessBase"]
[SourceDate "2021.10.06"]
[SourceVersion "1"]
[SourceVersionDate "2021.10.06"]
[SourceQuality "1"]

1. e4 e6 2. d4 d5 3. exd5 exd5 4. Nf3 Bd6 5. c4 dxc4 6. Bxc4 Nf6 7. 0-0 0-0 8. Nc3 c6 9. Bg5 h6 10. Bxf6 Qxf6 11. Ne4 Qd8 12. Nxd6 Qxd6 13. Ne5 Be6 14. Qb3 Bxc4 15. Qxc4 Nd7 16. Nxd7 Qxd7 17. Rfe1 Rfe8 18. h3 Rad8 19. Re3 Rxe3 20. fxe3 Qd5 1/2-1/2

[Event "FIN Team Cup"]
[Site "Finland"]
[Date "2014.05.10"]
[Round "3.6"]
[White "Hallman, Valo"]
[Black "Pihlajamaki, Antti"]
[Result "1-0"]
[WhiteElo "1877"]
[BlackElo "1917"]
[PlyCount "47"]
[EventDate "2014.03.29"]
[EventType "team-k.o."]
[EventRounds "6"]
[EventCountry "FIN"]
[SourceTitle "EXT 2022"]
[Source "ChessBase"]
[SourceDate "2021.10.06"]
[SourceVersion "1"]
[SourceVersionDate "2021.10.06"]
[SourceQuality "1"]
[WhiteTeam "Helsinki HSK II"]
[BlackTeam "Helsinki KapSK"]
[WhiteTeamCountry "FIN"]
[BlackTeamCountry "FIN"]

1. Nf3 Nf6 2. d4 e6 3. g3 d5 4. Bg2 Nbd7 5. 0-0 Bd6 6. c4 dxc4 7. Nbd2 Nb6 8. Nxc4 Nxc4 9. Qa4+ Bd7 10. Qxc4 Bc6 11. Ne5 Bxg2 12. Kxg2 Bxe5 13. dxe5 Qd5+ 14. Qxd5 Nxd5 15. e4 Ne7 16. Be3 0-0 17. Bc5 Rfe8 18. Rfd1 b6 19. Ba3 c5 20. Rd6 Rac8 21. b3 Nc6 22. Bb2 Red8 23. Rad1 Kf8 24. Rxc6 1-0

[Event "FIN-ch Seniors 65+"]
[Site "Helsinki"]
[Date "2014.04.23"]
[Round "7"]
[White "Jalo, Pentti"]
[Black "Pihlajamaki, Antti"]
[Result "1/2-1/2"]
[WhiteElo "1754"]
[BlackElo "1912"]
[PlyCount "92"]
[EventDate "2014.04.17"]
[EventType "swiss"]
[EventRounds "7"]
[EventCountry "FIN"]
[SourceTitle "EXT 2022"]
[Source "ChessBase"]
[SourceDate "2021.10.06"]
[SourceVersion "1"]
[SourceVersionDate "2021.10.06"]
[SourceQuality "1"]

1. d4 Nf6 2. Bg5 d5 3. Bxf6 exf6 4. e3 Bd6 5. Nc3 c6 6. Bd3 f5 7. Nf3 Qe7 8. Qe2 Be6 9. a3 Nd7 10. h4 h6 11. g3 Nf6 12. Ne5 Bxe5 13. dxe5 Nd7 14. f4 a5 15. Kf2 0-0 16. Qh5 f6 17. exf6 Nxf6 18. Qe2 Ng4+ 19. Kg2 b5 20. Kh3 Qc5 21. Rhe1 Rae8 22. Qd2 Qa7 23. Bf1 Rd8 24. Rad1 Rfe8 25. b4 axb4 26. axb4 Qe7 27. Rb1 Qf7 28. Kg2 Re7 29. Qd4 Rde8 30. Be2 Nf6 31. Bf3 Bd7 32. Qd2 Ne4 33. Nxe4 fxe4 34. Bd1 Ra8 35. c3 Ree8 36. Rb2 Qe7 37. Ra2 Qf6 38. Rc2 Ra3 39. Qd4 Qxd4 40. exd4 Ra1 41. Kf2 Bf5 42. Rce2 Bg4 43. Rd2 e3+ 44. Rxe3 Rxe3 45. Bxg4 Ree1 46. Bd7 Rec1 1/2-1/2

[Event "FIN-ch op"]
[Site "Helsinki"]
[Date "2014.??.??"]
[Round "3"]
[White "Paronen, Petteri"]
[Black "Pihlajamaki, Antti"]
[Result "1-0"]
[WhiteElo "2112"]
[BlackElo "1912"]
[PlyCount "77"]
[EventDate "2014.06.??"]
[EventType "swiss"]
[EventRounds "9"]
[EventCountry "FIN"]
[SourceTitle "EXT 2017"]
[Source "ChessBase"]
[SourceDate "2016.10.25"]
[SourceVersion "1"]
[SourceVersionDate "2016.10.25"]
[SourceQuality "1"]

1. d4 Nf6 2. Bg5 e6 3. e4 Be7 4. Bd3 d5 5. e5 Nfd7 6. Bxe7 Qxe7 7. Nd2 c5 8. c3 cxd4 9. cxd4 Nc6 10. Qg4 f5 11. exf6 Nxf6 12. Qh4 0-0 13. Ngf3 e5 14. dxe5 Re8 15. 0-0 Nxe5 16. Rfe1 Qd6 17. Nxe5 Rxe5 18. Nf3 Rh5 19. Qg3 Qxg3 20. hxg3 Bd7 21. Rac1 Bc6 22. Nd4 Nd7 23. f4 Rh6 24. Bf5 Rd8 25. Re7 Nf6 26. Rxg7+ Kxg7 27. Ne6+ Kg8 28. Nxd8 Ne4 29. Bxe4 dxe4 30. Nxc6 bxc6 31. Kf2 Rg6 32. Re1 Re6 33. g4 Kf7 34. g5 Kg6 35. g4 Re8 36. Ke3 h6 37. gxh6 Kxh6 38. Rc1 Re6 39. Rc4 1-0

[Event "FIN-ch op"]
[Site "Helsinki"]
[Date "2014.??.??"]
[Round "5"]
[White "Pihlajamaki, Antti"]
[Black "Saharinen, Petri"]
[Result "1-0"]
[WhiteElo "1912"]
[BlackElo "1821"]
[PlyCount "161"]
[EventDate "2014.06.??"]
[EventType "swiss"]
[EventRounds "9"]
[EventCountry "FIN"]
[SourceTitle "EXT 2017"]
[Source "ChessBase"]
[SourceDate "2016.10.25"]
[SourceVersion "1"]
[SourceVersionDate "2016.10.25"]
[SourceQuality "1"]

1. d4 Nf6 2. Nf3 g6 3. c4 d5 4. Nc3 Bg7 5. Bf4 c6 6. e3 0-0 7. Ne5 Be6 8. Be2 Nbd7 9. 0-0 Rc8 10. Qb3 b6 11. Rfd1 Nh5 12. cxd5 cxd5 13. Ba6 Nxe5 14. Bxc8 Qxc8 15. dxe5 Nxf4 16. exf4 d4 17. Nd5 Qb7 18. Rxd4 f6 19. exf6 exf6 20. Qf3 Kh8 21. Re1 Qf7 22. f5 gxf5 23. Nc3 Rg8 24. Rd6 Bc8 25. Qd5 Qc7 26. Nb5 Qb7 27. Qxb7 Bxb7 28. g3 f4 29. Nd4 fxg3 30. hxg3 f5 31. Nxf5 Bxb2 32. Ne7 Rf8 33. Rd7 Bf3 34. Rb1 Ba3 35. Nd5 Bc5 36. Nf4 Rg8 37. Kf1 Be4 38. Re1 Bf5 39. Rf7 Bg4 40. Rxa7 Rd8 41. Kg2 Rf8 42. f3 Bf5 43. Re2 Kg8 44. Nh5 Bg6 45. Nf4 Bf7 46. Rd7 Bc4 47. Rc2 Bb5 48. Rd5 Ba4 49. Rcxc5 bxc5 50. Rxc5 Rb8 51. Re5 Rb2+ 52. Re2 Rb1 53. g4 Bb5 54. Rc2 Bf1+ 55. Kg3 Ba6 56. Kh4 Bb7 57. Rf2 Rb4 58. Kg3 Kf7 59. Rh2 Kg8 60. Nd3 Rb5 61. Rb2 Rd5 62. Rxb7 Rxd3 63. a4 Ra3 64. Ra7 h6 65. a5 Kh8 66. Kf4 Kg8 67. Ke4 Kh8 68. f4 Ra4+ 69. Kf5 Kg8 70. Kg6 Kf8 71. Kf5 Ke8 72. g5 hxg5 73. fxg5 Ra1 74. Kg6 Kf8 75. Ra8+ Ke7 76. a6 Kd7 77. a7 Kc7 78. Rf8 Kb7 79. a8Q+ Rxa8 80. Rxa8 Kxa8 81. Kf7 1-0

[Event "Wch Seniors 22nd"]
[Site "Kamena Vourla"]
[Date "2012.11.22"]
[Round "9"]
[White "Rahmani, Behrouz"]
[Black "Pihlajamaki, Antti"]
[Result "1-0"]
[WhiteElo "1727"]
[BlackElo "1925"]
[PlyCount "71"]
[EventDate "2012.11.13"]
[EventType "swiss"]
[EventRounds "11"]
[EventCountry "GRE"]
[SourceTitle "CBM 151 Extra"]
[Source "ChessBase"]
[SourceDate "2012.12.18"]
[SourceVersion "1"]
[SourceVersionDate "2012.12.18"]
[SourceQuality "1"]

1. e4 e5 2. Nf3 Nc6 3. d4 Bd6 4. c4 exd4 5. Nxd4 Bb4+ 6. Nc3 Qe7 7. f3 Nf6 8. a3 Bxc3+ 9. bxc3 d6 10. Be2 0-0 11. 0-0 Bd7 12. Qe1 Nd8 13. Qg3 Kh8 14. Bd3 Nh5 15. Qf2 g6 16. g4 Ng7 17. h4 f5 18. Bg5 Qf7 19. Qh2 f4 20. Rae1 c5 21. Nb5 Bxb5 22. cxb5 Rc8 23. e5 d5 24. Bf6 c4 25. Bb1 Nde6 26. Qc2 Kg8 27. h5 Ne8 28. hxg6 hxg6 29. g5 Nxf6 30. gxf6 d4 31. cxd4 Nxd4 32. Qxg6+ Qxg6+ 33. Bxg6 Kh8 34. Kf2 Rc7 35. Rh1+ Kg8 36. Reg1 1-0

[Event "Wch Seniors 22nd"]
[Site "Kamena Vourla"]
[Date "2012.11.17"]
[Round "5"]
[White "Sinelnikov, Igor"]
[Black "Pihlajamaki, Antti"]
[Result "1-0"]
[WhiteElo "2090"]
[BlackElo "1925"]
[PlyCount "89"]
[EventDate "2012.11.13"]
[EventType "swiss"]
[EventRounds "11"]
[EventCountry "GRE"]
[SourceTitle "CBM 151 Extra"]
[Source "ChessBase"]
[SourceDate "2012.12.18"]
[SourceVersion "1"]
[SourceVersionDate "2012.12.18"]
[SourceQuality "1"]

1. e4 e5 2. Nf3 Nc6 3. d4 exd4 4. Nxd4 Bc5 5. Nb3 Bb6 6. Nc3 d6 7. Nd5 Qh4 8. Qf3 Ne5 9. Qf4 Qxf4 10. Bxf4 Be6 11. c4 c6 12. Nxb6 axb6 13. Nd2 Nf6 14. Be3 c5 15. a3 0-0 16. f4 Nc6 17. 0-0-0 Bg4 18. Re1 Rfe8 19. Bd3 Bd7 20. h3 h5 21. Rhg1 Nd4 22. Bxd4 cxd4 23. Re2 h4 24. Rf2 Bc6 25. Re1 d5 26. e5 dxc4 27. Nxc4 Nd5 28. Nd6 Red8 29. Nf5 Rac8 30. Kb1 Re8 31. Nd6 Ne3 32. Rg1 Rf8 33. Nxc8 Rxc8 34. g3 hxg3 35. Rxg3 Bd5 36. f5 Rc7 37. Rf4 Rd7 38. h4 Bc4 39. Bxc4 Nxc4 40. Rd3 Nxe5 41. Rdxd4 Rc7 42. f6 g6 43. Rde4 Nc6 44. b4 b5 45. h5 1-0

[Event "FIN-ch Seniors"]
[Site "Helsinki"]
[Date "2012.06.16"]
[Round "6"]
[White "Pihlajamaki, Antti"]
[Black "Saharinen, Petri"]
[Result "0-1"]
[WhiteElo "2005"]
[BlackElo "1840"]
[PlyCount "52"]
[EventDate "2012.06.11"]
[EventType "swiss"]
[EventRounds "11"]
[EventCountry "FIN"]
[SourceTitle "EXT 2022"]
[Source "ChessBase"]
[SourceDate "2021.10.06"]
[SourceVersion "1"]
[SourceVersionDate "2021.10.06"]
[SourceQuality "1"]

1. e4 e6 2. d4 d5 3. Nc3 Bb4 4. e5 c5 5. Bd2 Nh6 6. Bxh6 gxh6 7. a3 cxd4 8. Qxd4 Nc6 9. Bb5 Bxc3+ 10. Qxc3 Bd7 11. Bxc6 Bxc6 12. Nf3 Rg8 13. Nd4 Rc8 14. Qd2 Rxg2 15. h4 Rg4 16. 0-0-0 Ba4 17. Qxh6 Rxd4 18. Rxd4 Bxc2 19. Rh3 Qb6 20. Qd2 Bd3+ 21. Kd1 Qxd4 22. Rxd3 Qxh4 23. Rg3 Qh1+ 24. Ke2 Qe4+ 25. Kf1 Rc2 26. Qg5 Qe2+ 0-1

[Event "FIN-chT1A 1112"]
[Site "Finland"]
[Date "2012.03.10"]
[Round "7.7"]
[White "Pihlajamaki, Antti"]
[Black "Tumanov, Dmitri"]
[Result "0-1"]
[WhiteElo "1979"]
[BlackElo "1892"]
[PlyCount "90"]
[EventDate "2011.09.17"]
[EventType "team-tourn"]
[EventRounds "7"]
[EventCountry "FIN"]
[SourceTitle "EXT 2019"]
[Source "ChessBase"]
[SourceDate "2018.10.10"]
[SourceVersion "1"]
[SourceVersionDate "2018.10.10"]
[SourceQuality "1"]
[WhiteTeam "Helsinki KSK"]
[BlackTeam "Vantaa Remi"]
[WhiteTeamCountry "FIN"]
[BlackTeamCountry "FIN"]

1. e4 e6 2. d4 d5 3. Nd2 Nf6 4. Bd3 c5 5. c3 Nc6 6. dxc5 Bxc5 7. Nb3 Bb6 8. exd5 Qxd5 9. Qf3 Ne5 10. Qxd5 exd5 11. Be2 Bf5 12. Nd4 Bxd4 13. cxd4 Nd3+ 14. Bxd3 Bxd3 15. Be3 0-0 16. Nf3 Be4 17. 0-0 Rac8 18. Rfc1 Bxf3 19. gxf3 Rfe8 20. Kf1 b6 21. Ke2 Rc4 22. Kd3 Rec8 23. b3 Rxc1 24. Rxc1 Rxc1 25. Bxc1 Kf8 26. Ba3+ Ke8 27. Bd6 Kd7 28. Be5 Nh5 29. b4 Kc6 30. a4 a6 31. h4 g6 32. Ke3 f6 33. Bh2 Ng7 34. Kd3 Nf5 35. Bg3 b5 36. a5 Kd7 37. Kc3 Ke6 38. Kd3 Kf7 39. Kc3 Kg7 40. Kd3 Kh6 41. Kc3 Kh5 42. Bc7 Nxh4 43. f4 Kg4 44. Kd2 Nf3+ 45. Ke3 f5 0-1